Представление документа в формате RUSMARC

ПолеНазваниеЗначение
  Тип записи a
  Библиографический уровень m
001 Контрольный номер RU/CBS_UL/BASE/711464712
005 Дата корректировки 20240209175050.2
010 Индекс ISBN __
a ISBN 5-9697-0025-8
b Уточнения в пер.
d Цена 80 р. 00 к.
9 Тираж 5 000 экз.
100 Данные общей обработки __
a Данные общей обработки 20140116d2014 ||| 0rusy0189 ca
101 Язык документа 0_
a Язык текста rus
102 Страна публикации __
a Страна публикации RU
105 Кодированные данные (монография) __
a Кодированные данные (монография) y###||||000|y
181 Поле кодированных данных: вид содержания _1
a Код вида содержания (ISBD) i#
b Код характеристики содержания (ISBD) #xxe##
d i
g x
h x
i e
182 Поле кодированных данных: тип средства _1
a Код типа средства (ISBD) n
2 Код системы (источник кода, отличный от ISBD) isbdmedia
200 Заглавие и сведения об ответственности 1_
a Заглавие Бесы
b Общее обозначение материала Текст
e Сведения, относящиеся к заглавию роман
e Сведения, относящиеся к заглавию [в 3 ч.]
f Первые сведения об ответственности Ф. М. Достоевский
g Последующие сведения об ответственности худож. К. Гуреев
w Текст (визуальный) : непосредственный
203 Вид содержания и тип средства __
a Вид содержания Текст
b Характеристика содержания визуальный
c Тип средства непосредственный
210 Выходные данные 1_
a Место издания Москва
c Издательство Вагриус
d Дата издания 2005
215 Физическое описание __
a Объем 621, [2] с.
c Иллюстрации/тип воспроизводства ил.
d Формат 20,5 см.
333 Примечание о целевом назначении __
a Примечание о целевом назначении 16+
606 Тематические рубрики 0_
a Основная рубрика Русская литература, 19 в. - Проза
610 Ключевые слова 0_
a Ключевые слова классика русская
a Ключевые слова шедевры литературы
a Ключевые слова романы классические
a Ключевые слова русская интеллигенция
a Ключевые слова террористы
a Ключевые слова борьба политическая
686 Индексы других классификаций __
a Классификационный индекс 84(2Рос=Рус)1
2 Код системы ББК
700 Автор _1
a Фамилия Достоевский
b Имя (инициалы) Федор Михайлович
g Полное личное имя Ф. М.
801 Источник записи _0
a Страна RU
b Организация МБУК ЦБС г. Ульяновска
c Дата составления 20140116
g Правила каталогизации RCR
801 Источник записи _1
a Страна RU
b Организация МБУК ЦБС г. Ульяновска
c Дата составления 20140116
g Правила каталогизации RCR
899 Данные о местонахождении __
i Авторский знак Д 70
j Расстановочный фильтр Р1
900 Электронные ресурсы __
a Имя электронного ресурса бесы 2005
901 Тип документа __
t Тип документа m
910 Корректоры записи __
a Корректор записи Тихонова